[Event "Hamburg-ch Seniors 65+"]
[Site "Hamburg"]
[Date "2018.11.03"]
[Round "4"]
[White "Stuhlmann, Alexander"]
[Black "Dangelowski, Peter"]
[Result "1-0"]
[WhiteElo "1890"]
[BlackElo "1786"]
[PlyCount "79"]
[EventDate "2018.10.31"]
[EventType "swiss"]
[EventRounds "9"]
[EventCountry "GER"]
[SourceTitle "CBM 189 Extra"]
[Source "ChessBase"]
[SourceDate "2019.06.03"]
[SourceVersion "1"]
[SourceVersionDate "2019.06.03"]
[SourceQuality "1"]

1. f4 d5 2. Nf3 Nf6 3. e3 e6 4. b3 b6 5. Bb2 Bb7 6. Bb5+ c6 7. Be2 Be7 8. Ne5 Nbd7 9. 0-0 0-0 10. Qe1 Ne8 11. d3 Bh4 12. g3 Bf6 13. Nd2 c5 14. Bf3 Rb8 15. e4 d4 16. Nxd7 Qxd7 17. Qf2 Be7 18. Rae1 f6 19. Qg2 e5 20. f5 Nd6 21. Bc1 b5 22. Be2 Qc7 23. g4 h6 24. h4 Nf7 25. Nf3 Qd8 26. Kf2 c4 27. Rh1 Qe8 28. g5 fxg5 29. Reg1 Bf6 30. hxg5 Nxg5 31. Bxg5 Bxg5 32. Nxg5 Rxf5+ 33. Nf3 Rf7 34. Rxh6 Rc8 35. Rgh1 Rf8 36. Qg6 Qxg6 37. Rxg6 cxb3 38. cxb3 Rc2 39. Rhg1 Rf7 40. Re6 1-0

[Event "Hamburg-ch Seniors 65+"]
[Site "Hamburg"]
[Date "2018.10.31"]
[Round "1"]
[White "Kock, Rudolf"]
[Black "Stuhlmann, Alexander"]
[Result "0-1"]
[WhiteElo "1586"]
[BlackElo "1890"]
[PlyCount "52"]
[EventDate "2018.10.31"]
[EventType "swiss"]
[EventRounds "9"]
[EventCountry "GER"]
[SourceTitle "CBM 189 Extra"]
[Source "ChessBase"]
[SourceDate "2019.06.03"]
[SourceVersion "1"]
[SourceVersionDate "2019.06.03"]
[SourceQuality "1"]

1. f4 e5 2. fxe5 d6 3. Nf3 dxe5 4. e3 Nc6 5. Nc3 Nf6 6. Bb5 Bd6 7. d3 Bd7 8. 0-0 a6 9. Ba4 0-0 10. a3 Qe7 11. b4 b5 12. Bb3 Nd8 13. Nd5 Nxd5 14. Bxd5 c6 15. Bb3 a5 16. Bd2 axb4 17. a4 bxa4 18. Rxa4 Rxa4 19. Bxa4 Ne6 20. c4 Ra8 21. Qc2 Nc5 22. Ra1 b3 23. Qc3 Rxa4 24. Rb1 e4 25. d4 exf3 26. dxc5 Qg5 0-1

[Event "Douglas IoM Major op"]
[Site "Douglas"]
[Date "2017.09.29"]
[Round "5"]
[White "Gostelow, David W"]
[Black "Stuhlmann, Alexander"]
[Result "1-0"]
[WhiteElo "1961"]
[BlackElo "1857"]
[PlyCount "89"]
[EventDate "2017.09.25"]
[EventType "swiss"]
[EventRounds "7"]
[EventCountry "IOM"]
[SourceTitle "CBM 181 Extra"]
[Source "ChessBase"]
[SourceDate "2017.12.12"]
[SourceVersion "1"]
[SourceVersionDate "2017.12.12"]
[SourceQuality "1"]

1. d4 d6 2. Nf3 Nf6 3. Bf4 g6 4. Nc3 Bg7 5. e4 Nbd7 6. Qd2 c5 7. 0-0-0 cxd4 8. Nxd4 0-0 9. Bh6 Nc5 10. f3 Ne6 11. Nb3 a6 12. h4 Bxh6 13. Qxh6 Kh8 14. e5 Ng8 15. Qe3 Qc7 16. h5 dxe5 17. hxg6 fxg6 18. Nd5 Qc6 19. Nb6 Rb8 20. Qxe5+ Ng7 21. Qxb8 Qxb6 22. Bd3 Qe3+ 23. Kb1 Qg5 24. Be4 Nf6 25. Bxb7 Qb5 26. Qg3 Qxb7 27. Qxg6 Bf5 28. Qh6 Rc8 29. Nd4 Qc7 30. Rd2 Qg3 31. Rhd1 Bg6 32. Qe3 Qc7 33. Qb3 Nfh5 34. Ne2 Nf6 35. Nc3 Rb8 36. Qa3 Nf5 37. Re1 Qb6 38. b3 Qc6 39. Qb2 Kg8 40. Ne4 Nd5 41. Qe5 Rb5 42. Kb2 Nfe3 43. Rxe3 Nxe3 44. Rd8+ Kf7 45. Ng5# 1-0

[Event "Douglas IoM Major op"]
[Site "Douglas"]
[Date "2017.09.27"]
[Round "3"]
[White "Nelson, Omowale"]
[Black "Stuhlmann, Alexander"]
[Result "0-1"]
[WhiteElo "1955"]
[BlackElo "1857"]
[PlyCount "58"]
[EventDate "2017.09.25"]
[EventType "swiss"]
[EventRounds "7"]
[EventCountry "IOM"]
[SourceTitle "CBM 181 Extra"]
[Source "ChessBase"]
[SourceDate "2017.12.12"]
[SourceVersion "1"]
[SourceVersionDate "2017.12.12"]
[SourceQuality "1"]

1. d4 d6 2. c4 e5 3. Nf3 Nd7 4. Nc3 exd4 5. Nxd4 Ngf6 6. Bg5 Nb6 7. e3 Be7 8. Bd3 Ng4 9. Bxe7 Qxe7 10. Be2 Nf6 11. 0-0 0-0 12. Rc1 Be6 13. Ncb5 a6 14. Nxe6 fxe6 15. Nd4 e5 16. Nb3 Rad8 17. Qc2 c6 18. Na5 Kh8 19. Qb3 Qc7 20. Bf3 e4 21. Be2 Nbd7 22. Qa3 Ne5 23. b4 d5 24. b5 axb5 25. cxb5 Ra8 26. bxc6 Nxc6 27. Rc5 Rfd8 28. Qb2 Rxa5 29. Rxa5 Nxa5 0-1

[Event "Gibraltar Challenger op-B"]
[Site "Caleta"]
[Date "2017.01.31"]
[Round "4"]
[White "Gostelow, David W"]
[Black "Stuhlmann, Alexander"]
[Result "1/2-1/2"]
[WhiteElo "1970"]
[BlackElo "1906"]
[PlyCount "88"]
[EventDate "2017.01.28"]
[EventType "swiss"]
[EventRounds "5"]
[EventCountry "GGB"]
[SourceTitle "EXT 2018"]
[Source "ChessBase"]
[SourceDate "2017.10.13"]
[SourceVersion "1"]
[SourceVersionDate "2017.10.13"]
[SourceQuality "1"]

1. d4 d6 2. Bf4 g6 3. Qd2 Bg7 4. Nc3 Nd7 5. Nf3 c6 6. e4 e5 7. dxe5 dxe5 8. Bg5 Qc7 9. Bc4 h6 10. Be3 Ngf6 11. a4 Ng4 12. 0-0 Nxe3 13. Qxe3 0-0 14. h3 b6 15. Rfd1 Nc5 16. a5 Be6 17. Bf1 Rfd8 18. b3 Rd4 19. axb6 Qxb6 20. Nxd4 exd4 21. Rxd4 Nxb3 22. cxb3 Qxd4 23. Qxd4 Bxd4 24. Rc1 Bxb3 25. Ne2 c5 26. Nxd4 cxd4 27. Bc4 Bxc4 28. Rxc4 Rd8 29. Kf1 d3 30. Ke1 d2+ 31. Kd1 Rd7 32. Ra4 g5 33. Ra3 Kg7 34. e5 h5 35. f4 gxf4 36. Rf3 Rd5 37. Rxf4 a5 38. g4 hxg4 39. Rxg4+ Kh6 40. Re4 Kg5 41. e6 fxe6 42. Rxe6 Kh4 43. Rh6+ Kg3 44. h4 a4 1/2-1/2

[Event "Gibraltar Challenger op-A"]
[Site "Caleta"]
[Date "2017.01.26"]
[Round "4"]
[White "Stuhlmann, Alexander"]
[Black "Bendayan Claros, Aaron Arturo"]
[Result "0-1"]
[WhiteElo "1906"]
[BlackElo "2128"]
[PlyCount "80"]
[EventDate "2017.01.23"]
[EventType "swiss"]
[EventRounds "5"]
[EventCountry "GGB"]
[SourceTitle "CBM 176 Extra"]
[Source "ChessBase"]
[SourceDate "2017.03.02"]
[SourceVersion "1"]
[SourceVersionDate "2017.03.02"]
[SourceQuality "1"]

1. c4 Nf6 2. Nc3 g6 3. g3 Bg7 4. Bg2 0-0 5. e3 d6 6. Nge2 Nc6 7. 0-0 e5 8. h3 Be6 9. d3 d5 10. d4 exd4 11. exd4 Na5 12. cxd5 Nxd5 13. Nxd5 Bxd5 14. Bf4 c6 15. b3 Bxg2 16. Kxg2 Qd5+ 17. Kg1 Rad8 18. Rc1 b6 19. Be3 Rd6 20. Qd3 Rfd8 21. b4 Nb7 22. Qa6 R8d7 23. Qxa7 Qb5 24. Nc3 Qxb4 25. Qa8+ Nd8 26. Ne4 Re6 27. Ng5 Red6 28. Ne4 Re6 29. Ng5 Re8 30. Rxc6 Bxd4 31. Bxd4 Qxd4 32. Rc8 Kg7 33. a4 Re2 34. Qf3 Ree7 35. Rfc1 h6 36. R8c4 Qe5 37. Ne4 Ne6 38. Rc6 Nd4 39. Qf6+ Qxf6 40. Nxf6 Rd8 0-1

[Event "Helsingor Xtracon op"]
[Site "Helsingor"]
[Date "2016.07.24"]
[Round "3"]
[White "Laustsen, Lars"]
[Black "Stuhlmann, Alexander"]
[Result "1-0"]
[WhiteElo "2118"]
[BlackElo "1873"]
[PlyCount "41"]
[EventDate "2016.07.23"]
[EventType "swiss"]
[EventRounds "10"]
[EventCountry "DEN"]
[SourceTitle "CBM 173 Extra"]
[Source "ChessBase"]
[SourceDate "2016.08.29"]
[SourceVersion "1"]
[SourceVersionDate "2016.08.29"]
[SourceQuality "1"]

1. d4 Nf6 2. c4 e5 3. dxe5 Ng4 4. Bf4 Nc6 5. Nf3 Bc5 6. e3 Qe7 7. Be2 Ngxe5 8. Nxe5 Nxe5 9. 0-0 d6 10. Nc3 Be6 11. b3 Ng6 12. Bg3 0-0 13. Nd5 Qd7 14. b4 Bb6 15. a4 Bxd5 16. Qxd5 Ne7 17. Qd2 a5 18. c5 Ba7 19. cxd6 Nf5 20. Bg4 cxd6 21. e4 1-0

[Event "Gibraltar Amateur op-A"]
[Site "Caleta"]
[Date "2016.01.28"]
[Round "4"]
[White "Stuhlmann, Alexander"]
[Black "Gunn, Michael J"]
[Result "1-0"]
[WhiteElo "1888"]
[BlackElo "1632"]
[PlyCount "85"]
[EventDate "2016.01.25"]
[EventType "swiss"]
[EventRounds "5"]
[EventCountry "GGB"]
[SourceTitle "CBM 170 Extra"]
[Source "ChessBase"]
[SourceDate "2016.02.25"]
[SourceVersion "1"]
[SourceVersionDate "2016.02.25"]
[SourceQuality "1"]

1. e4 e6 2. d4 b6 3. Nf3 Bb7 4. Bd3 c5 5. Qe2 cxd4 6. Nxd4 Nc6 7. c3 Nf6 8. Bg5 Be7 9. Nd2 Ne5 10. Bc2 a6 11. f4 Nc6 12. e5 Nxd4 13. cxd4 Nd5 14. Bxe7 Qxe7 15. 0-0 g6 16. Ne4 Bc6 17. Nd6+ Kf8 18. Be4 h5 19. Qf3 Kg7 20. f5 f6 21. fxg6 Rhf8 22. Bxd5 Bxd5 23. Qxd5 exd5 24. Nf5+ Kxg6 25. Nxe7+ Kg5 26. Rxf6 Rxf6 27. exf6 Kxf6 28. Nxd5+ Ke6 29. Nxb6 Rb8 30. Na4 Rb4 31. Nc5+ Kd5 32. Nxa6 Rxd4 33. b4 Kc6 34. a4 d5 35. Rc1+ Kb7 36. b5 Kb6 37. Nc5 Rd2 38. h3 d4 39. g4 hxg4 40. hxg4 d3 41. g5 Rc2 42. Rxc2 dxc2 43. Nb3 1-0

[Event "Hamburg-ch Seniors 21st"]
[Site "Hamburg"]
[Date "2014.11.03"]
[Round "6"]
[White "Stuhlmann, Alexander"]
[Black "Wenske, Hardy"]
[Result "1-0"]
[WhiteElo "1854"]
[BlackElo "1607"]
[PlyCount "65"]
[EventDate "2014.10.29"]
[EventType "swiss"]
[EventRounds "9"]
[EventCountry "GER"]
[SourceTitle "EXT 2018"]
[Source "ChessBase"]
[SourceDate "2017.10.13"]
[SourceVersion "1"]
[SourceVersionDate "2017.10.13"]
[SourceQuality "1"]

1. f4 Nf6 2. Nf3 e6 3. b3 b6 4. Bb2 Bb7 5. e3 Nc6 6. Be2 Be7 7. 0-0 0-0 8. Qe1 Ne8 9. e4 Nb4 10. Bd1 f6 11. d3 Nc6 12. Nbd2 a5 13. a3 Nb8 14. h3 Nc6 15. Nc4 Ba6 16. Kh2 Bxc4 17. bxc4 f5 18. e5 g6 19. d4 Ng7 20. d5 Nb8 21. Nd4 Bc5 22. Bf3 Bxd4 23. Bxd4 Ra7 24. Qf2 Ra6 25. Rfd1 Qe8 26. Rab1 exd5 27. cxd5 Qc8 28. c4 d6 29. e6 Ra8 30. Qh4 Ne8 31. Bh5 Ng7 32. Bxg6 hxg6 33. Qh6 1-0

[Event "Hamburg-ch Seniors 21st"]
[Site "Hamburg"]
[Date "2014.10.29"]
[Round "2"]
[White "Stuhlmann, Alexander"]
[Black "Cassens, Erhard Otto"]
[Result "1-0"]
[WhiteElo "1854"]
[BlackElo "1630"]
[PlyCount "91"]
[EventDate "2014.10.29"]
[EventType "swiss"]
[EventRounds "9"]
[EventCountry "GER"]
[SourceTitle "EXT 2018"]
[Source "ChessBase"]
[SourceDate "2017.10.13"]
[SourceVersion "1"]
[SourceVersionDate "2017.10.13"]
[SourceQuality "1"]

1. c4 e6 2. Nc3 f5 3. d4 Nf6 4. g3 d5 5. Bg2 c6 6. Nf3 Be7 7. 0-0 0-0 8. b3 Qe8 9. e3 Ne4 10. Bb2 Nxc3 11. Bxc3 b5 12. cxb5 cxb5 13. Qd2 Nc6 14. Rfc1 a5 15. Ne5 Nxe5 16. dxe5 b4 17. Bd4 Ba6 18. Bc5 Qd7 19. Qd4 Rfb8 20. Rc2 Bd8 21. Rac1 Rc8 22. Bd6 Rxc2 23. Rxc2 Qb7 24. Qd1 Bb5 25. Qc1 Bd7 26. Bc7 Be7 27. Bf1 a4 28. Bd3 axb3 29. axb3 Bb5 30. Bxb5 Qxb5 31. Bd6 Bxd6 32. exd6 Qd7 33. Rc6 h6 34. Qc5 Rd8 35. Rb6 g5 36. Qc7 Kf7 37. Rxb4 Qxc7 38. dxc7 Rc8 39. Rb7 Ke7 40. Kf1 Kd7 41. Ra7 Kc6 42. Ra1 Rxc7 43. Rc1+ Kd6 44. Rxc7 Kxc7 45. f4 Kd6 46. fxg5 1-0

[Event "Hamburg St Pauli op-B"]
[Site "Hamburg"]
[Date "2013.07.08"]
[Round "3"]
[White "Stuhlmann, Alexander"]
[Black "Reher, Wolfgang"]
[Result "1/2-1/2"]
[WhiteElo "1728"]
[BlackElo "1779"]
[PlyCount "26"]
[EventDate "2013.07.06"]
[EventType "swiss"]
[EventRounds "9"]
[EventCountry "GER"]
[SourceTitle "EXT 2014"]
[Source "ChessBase"]
[SourceDate "2013.11.20"]
[SourceVersion "1"]
[SourceVersionDate "2013.11.20"]
[SourceQuality "1"]

1. c4 e6 2. Nc3 b6 3. d4 Bb7 4. Bf4 f5 5. e3 Nf6 6. Nf3 Be7 7. Bd3 0-0 8. 0-0 Ne4 9. Bxe4 fxe4 10. Nd2 d5 11. f3 exf3 12. Nxf3 Nd7 13. Ne5 Nxe5 1/2-1/2